Estudios sobre la Constitución Española de 1978 / (Record no. 123910)

MARC details
000 -LEADER
campo de control de longitud fija 01164cam a2200337 i 4500
001 - NÚMERO DE CONTROL
campo de control 123910
003 - IDENTIFICADOR DE NÚMERO DE CONTROL
campo de control SpMaBN
005 - FECHA Y HORA DE LA ÚLTIMA TRANSACCIÓN
campo de control 20250815104709.0
008 - DATOS DE LONGITUD FIJA--INFORMACIÓN GENERAL
campo de control de longitud fija 240529s1979 sp spa
016 7# - NÚMERO DE CONTROL DE UNA AGENCIA BIBLIOGRÁFICA NACIONAL
Número de control del registro bimoBNE19980803270
Fuente SpMaBN
017 ## - NÚMERO DE COPYRIGHT O DE DEPÓSITO LEGAL
Número de copyright o de depósito legal Z 725-1979
Agencia que asigna Oficina Depósito Legal Zaragoza
020 ## - NÚMERO INTERNACIONAL ESTÁNDAR DEL LIBRO
Número Internacional Estándar del Libro 8485264339
035 ## - NÚMERO DE CONTROL DEL SISTEMA
Número de control de sistema IND9100287457
035 ## - NÚMERO DE CONTROL DEL SISTEMA
Número de control de sistema bimo0000839014
035 ## - NÚMERO DE CONTROL DEL SISTEMA
Número de control de sistema (OCoLC)432036886
040 ## - FUENTE DE CATALOGACIÓN
Centro catalogador/agencia de origen SpMaBN
Lengua de catalogación spa
Centro/agencia transcriptor A2
Centro/agencia modificador ES-MaACL
080 ## - NÚMERO DE LA CLASIFICACIÓN DECIMAL UNIVERSAL
Número de la Clasificación Decimal Universal 342.4(46)"1978"(04)
245 00 - MENCIÓN DEL TÍTULO
Título Estudios sobre la Constitución Española de 1978 /
Mención de responsabilidad, etc. J. Lalinde... [et al.] ; edición preparada por Manuel Ramírez.
260 ## - PUBLICACIÓN, DISTRIBUCIÓN, ETC.
Lugar de publicación, distribución, etc. Zaragoza :
Nombre del editor, distribuidor, etc. Libros Pórtico,
Fecha de publicación, distribución, etc. 1979.
300 ## - DESCRIPCIÓN FÍSICA
Extensión 488 p. ;
Dimensiones 23 cm
490 1# - MENCIÓN DE SERIE
Mención de serie Serie Ciencia Política ;
Designación de volumen o secuencia 3
504 ## - NOTA DE BIBLIOGRAFÍA, ETC.
Nota de bibliografía, etc. Bibliografía
610 14 - PUNTO DE ACCESO ADICIONAL DE MATERIA--NOMBRE DE ENTIDAD CORPORATIVA
Nombre de entidad corporativa o nombre de jurisdicción como elemento de entrada España.
Título de la obra Constitución, 1978
Fuente del encabezamiento o término embne
9 (RLIN) 3657
700 0# - ENTRADA AGREGADA--NOMBRE PERSONAL
Nombre de persona Lalinde Abadía, Jesús,
Fechas asociadas al nombre 1920-2007
9 (RLIN) 69731
700 1# - ENTRADA AGREGADA--NOMBRE PERSONAL
Nombre de persona Ramírez, Manuel,
Fechas asociadas al nombre 1940-2015
9 (RLIN) 172029
830 #0 - PUNTO DE ACCESO ADICIONAL DE SERIE-TÍTULO UNIFORME
Título uniforme Serie ciencia política
Designación de volumen o secuencia 3
9 (RLIN) 236735
852 ## - LOCALIZACIÓN
Ubicación ES-MaACL
itemnumber 128500
Ubicación en estantería Depósito 2
Número de control de estantería L-415
942 ## - ELEMENTOS DE ENTRADA SECUNDARIOS (KOHA)
Tipo de ítem Koha Libro impreso
Holdings
Estatus retirado Estado de pérdida Estado de daño No para préstamo Biblioteca de origen Biblioteca actual Ubicación en estantería Fecha de adquisición Fuente de adquisición Total de préstamos Signatura topográfica completa Código de barras Visto por última vez Precio de reemplazo Tipo de ítem Koha
        Biblioteca del Ateneo de Madrid Biblioteca del Ateneo de Madrid Depósito 2 17/01/2008     L-415 1129098 23/02/2023 23/02/2023 Libro impreso